000 01168nam a2200349 i 4500
003 EG-GICUC
005 20260428114524.0
008 260428s1894 enk||||f||||| 001 0 eng d
040 _aEG-GiCUC
_beng
_cEG-GiCUC
_dEG-GiCUC
_erda
041 _aeng
082 0 4 _221
_a343.83
_bTA . P
092 0 4 _221
099 _aLaw1 10 343.83 TA . P 4 ed - 1894 101136 V2, C1
100 1 _aTaylor, Alfred Swaine,
_eAuthor.
245 1 4 _a The Principles And Practice Of Medical Jurisprudence /
_c By The Late Alfred Swaine Taylor ; Edited By Thomas Stevenson.
250 _aFourth Edition
264 1 _a London :
_bJ. & A. Churchill,
_c1894.
300 _a667 pages ;
_c24 cm
_billustrations,
336 _2rda content
_atext
337 _2rda media
_aComputer
338 _2rda carrier
_aOnline Resource
500 _aIndex Pages : 644-667.
504 _aBibliography: pages 200-250.
546 _aText in English
650 1 4 _aCriminal law
_2qrmak
650 1 4 _aForensic medicine
_2qrmak
651 1 _2qrmak
700 1 _aStevenson, Thomas
_eeditor.
856 4 0 _uhttps://fll.law.cu.edu.eg/fulltext/bks/B10-11365.pdf
905 _a164
942 _2ddc
_cBK
_e21
_n0
999 _c73855
_d73855